书目信息 |
| 题名: |
化学小辞典
|
|
| 作者: | 张学铭 编 | |
| 分册: | ||
| 出版信息: | 北京 科学技术文献出版社 1984 |
|
| 页数: | 423页 | |
| 开本: | 19cm | |
| 丛书名: | ||
| 单 册: | ||
| 中图分类: | O6-61 | |
| 科图分类: | ||
| 主题词: | 化学--词典 | |
| 电子资源: | ||
| ISBN: | ||
| 000 | 00620nam0 2200241 45 | |
| 001 | 0184002153 | |
| 005 | 20040927094309.4 | |
| 010 | @dCNY1.90 | |
| 091 | @a13176.168 | |
| 100 | @a19950421d1984 em y0chiy0121 ea | |
| 101 | 0 | @achi |
| 102 | @aCN@b110000 | |
| 105 | @ay e 000yy | |
| 106 | @ar | |
| 200 | 10 | @a化学小辞典@Ahua xue xiao ci dian@f张学铭等编 |
| 210 | @a北京@c科学技术文献出版社@d1984 | |
| 215 | @a423页@d19cm | |
| 606 | @a化学@x词典 | |
| 690 | @aO6-61@v3 | |
| 701 | 0 | @a张学铭@Azhang xue ming@4编 |
| 801 | 0 | @aCN@b上海图书馆@c20040519 |
| 801 | 2 | @aCN@bNLC@c20040519 |
| 905 | @dO6-61@e141@f1@b119992 | |
| 化学小辞典/张学铭等编.-北京:科学技术文献出版社,1984 |
| 423页;19cm |
| ISBN :CNY1.90 |
| ● |
| 相关链接 |
|
|
|
|
正题名:化学小辞典
索取号:O6-61/141
 
预约/预借
| 序号 | 登录号 | 条形码 | 馆藏地/架位号 | 状态 | 备注 |
| 1 | 0119986 | 000556115 | 第三借阅区/ [索取号:O6-61/141] | 在馆 | |
| 2 | 0119988 | 000556106 | 第三借阅区/ [索取号:O6-61/141] | 在馆 | |
| 3 | 0119989 | 000556099 | 第三借阅区/ [索取号:O6-61/141] | 在馆 | |
| 4 | 0119990 | 000556080 | 第三借阅区/ [索取号:O6-61/141] | 在馆 | |
| 5 | 0119991 | 000339137 | 第三借阅区/ [索取号:O6-61/141] | 在馆 | |
| 6 | 0119992 | 001963334 | 第三借阅区/ [索取号:O6-61/141] | 在馆 | |
| 7 | 0119993 | 202102312 | 第二样本阅览室/ [索取号:O6-61/141] | 在馆 |